Pedagogická revue Časopis pre otázky pedagogickej teórie, praxe a psychológie

Salvato in:
Dettagli Bibliografici
Natura: Periodico
Lingua:slovacco
Pubblicazione: Bratislava Slovenské pedagogické nakladateľstvo 1993
Tags: Aggiungi Tag
Nessun Tag, puoi essere il primo ad aggiungerne!!

MARC

LEADER 00000nas2a2200000 4500
001 s013947
005 20250617090550.9
041 0 |a slo 
044 |a SK 
245 1 0 |a Pedagogická revue  |b Časopis pre otázky pedagogickej teórie, praxe a psychológie 
264 1 |a Bratislava  |b Slovenské pedagogické nakladateľstvo  |c 1993 
300 |a 1 zv.